| 000 | 01087cam a22003377a 4500 | ||
|---|---|---|---|
| 003 | CHAP | ||
| 005 | 20220329142459.0 | ||
| 008 | 010531d2000 mx r 00110 spa d | ||
| 010 | _a84063 | ||
| 011 | _a85035 | ||
| 020 | _a9701000641 | ||
| 035 | _a95562 | ||
| 040 | _cCHAP | ||
| 082 | 0 | 4 |
_a001.6424 _bH32 |
| 100 | 0 | 0 |
_aHaiduk, H. Paul _952241 |
| 245 | 1 | 0 |
_aLotus 1-2-3 versión 2.2 incrementa tu productividad _c/por H. Paul Haiduk y Paul W. Ross |
| 260 |
_aMéxico, D.F. : _bMcGraw-Hill, _c1992. |
||
| 300 |
_a303 p. : _bilus. |
||
| 590 |
_aBATCH-UPD _b10 _c20130110 _lUCH01 _h0803 |
||
| 590 |
_aBATCH-UPD _b10 _c20130409 _lUCH01 _h2115 |
||
| 590 |
_aBATCH-UPD _b10 _c20130410 _lUCH01 _h0441 |
||
| 590 |
_aBATCH-UPD _b10 _c20130914 _lUCH01 _h1600 |
||
| 590 |
_aCONVERSION _b10 _c20130109 _lUCH01 _h1347 |
||
| 650 | 0 | 4 |
_aLenguajes de programación. _965989 |
| 650 | 0 | 4 |
_aLotus (Programación) _968603 |
| 700 | 0 | 0 |
_aRoss, Paul W. _9100189 |
| 901 | _aBK | ||
| 905 | _aAlejandra Carrasco M. | ||
| 942 | _cLIBRO | ||
| 949 |
_a001.6424 H32 _bBC _cLIBRO _d33724000835237 _eLIBRO _h100298 _i95562 _si |
||
| 999 |
_c84063 _d84063 |
||